Auteurs de bandes dessinées - click quiz - Statistiques

Statistiques générales
  • Ce quiz a été pris 106 fois
  • Le résultat moyen est 13 sur 20
Statistiques - réponses
Hint Réponse % Correct
Tintin Hergé
99%
Astérix et Obélix René Goscinny / Albert Uderzo
97%
Les Schtroumpfs Peyo
93%
Spirou et Fantasio Franquin
85%
L'Arabe du futur Riad Sattouf
85%
Le Chat Philippe Geluck
84%
Lucky Luke Morris
79%
Corto Maltese Hugo Pratt
74%
Blake et Mortimer Edgar P. Jacobs
66%
XIII William Vance / Jean Van Hamme
62%
Les Aventures extraordinaires d'Adèle Blanc-Sec Jacques Tardi
60%
Persepolis Marjane Satrapi
59%
Maus Art Spiegelman
56%
Blacksad Juan Díaz Canales / Juanjo Guarnido
44%
Lanfeust de Troyes Christophe Arleston / Didier Tarquin
43%
La Jeunesse de Picsou Don Rosa
41%
Les Légendaires Patrick Sobral
40%
La Quête de l'Oiseau du temps Régis Loisel
40%
Yoko Tsuno Roger Leloup
37%
Carbone et Silicium Mathieu Balbet
35%
Aucun quiz correspondant
Distribution des résultats
% des personnes avec chaque résultat
Percentile par nombre de réponses
Votre historique - résultats
Vous n’avez pas pris ce quiz